Vongola Guardians Quiz Stats

 Plays Quiz not verified by Sporcle

Challenge
Share
Tweet
Embed
Score 0/7 Timer 02:00
0 Plays Today
Element Guardian % Correct
Storm GuardianHayato Gokudera
98.3%
Sky GuardianTsunayoshi Sawada
96.6%
Lightning GuardianLambo
96.6%
Mist GuardianChrome Dokuro/Mukuro Rokudo
96.6%
Rain GuardianTakeshi Yamamoto
94.8%
Cloud GuardianKyoya Hibari
94.8%
Sun GuardianRyohei Sasagawa
90.5%

You're not logged in!

Compare scores with friends on all Sporcle quizzes.
OR
Log In

You Might Also Like...

Show Comments

Extras

Top Quizzes Today


Score Distribution

Your Account Isn't Verified!

In order to create a playlist on Sporcle, you need to verify the email address you used during registration. Go to your Sporcle Settings to finish the process.

Report this User

Report this user for behavior that violates our Community Guidelines.

Details: